Muro-Ami / (Record no. 109108)
[ view plain ]
| 000 -LEADER | |
|---|---|
| fixed length control field | 00352nam a2200145 a 4500 |
| 005 - DATE AND TIME OF LATEST TRANSACTION | |
| control field | 20140414093838.0 |
| 008 - FIXED-LENGTH DATA ELEMENTS--GENERAL INFORMATION | |
| fixed length control field | 030923s19uu xx 00 eng d |
| 050 ## - LIBRARY OF CONGRESS CALL NUMBER | |
| Classification number | VCD 791.43 |
| Item number | Mur 2001 |
| 100 ## - MAIN ENTRY--PERSONAL NAME | |
| Personal name | Montano, Cesar |
| 245 ## - TITLE STATEMENT | |
| Title | Muro-Ami / |
| Statement of responsibility, etc | Cesar Montano. |
| 500 ## - GENERAL NOTE | |
| General note | (disc 1&2) |
| 650 ## - SUBJECT ADDED ENTRY--TOPICAL TERM | |
| Topical term or geographic name as entry element | Motion picture. |
| 942 ## - ADDED ENTRY ELEMENTS (KOHA) | |
| Koha item type | Audio Visual Materials |
| Withdrawn status | Lost status | Damaged status | Home library | Current library | Shelving location | Date acquired | Source of acquisition | Cost, normal purchase price | Total Checkouts | Total Renewals | Full call number | Barcode | Date last seen | Date checked out | Price effective from | Koha item type |
|---|---|---|---|---|---|---|---|---|---|---|---|---|---|---|---|---|
| Luxembourg Library | Luxembourg Library | Audio Visual Material Section | 09/23/2003 | 125.00 | 1 | 2 | VCD 791.43 Mur 2001 | AV0719 | 09/01/2015 | 08/05/2015 | 04/14/2014 | Audio Visual Materials |